000 00424nam a22001697a 4500
003 MPLRDC
005 20220104124337.0
008 210129b ||||| |||| 00| 0 eng d
082 _a520.9386 HFS
100 _a黄复生
245 _a大马华文独中与技职教育
_c
250 _a初版
260 _a
_b黄复生
_c1993
300 _b
650 _a教育史及现状--马来西亚
942 _cBK
_o520.9386 HFS
999 _c18583
_d18573